| 000 | 00395nam a2200157Ia 4500 | ||
|---|---|---|---|
| 008 | 230711s9999||||xx |||||||||||||| ||und|| | ||
| 041 | _aENG | ||
| 082 |
_a621 _bGE-M |
||
| 100 | _aGerling,Heinrich | ||
| 245 | 0 | _aAll about machine tools | |
| 250 | _a2nd . Ed. | ||
| 260 |
_c2006 _aNew Delhi _bNew Age International Publishers |
||
| 300 | _a240 | ||
| 650 | _aMechanical Engineering | ||
| 942 | _cBK | ||
| 999 |
_c1471 _d1471 |
||